Les différents os du corps humain - Statistiques

Statistiques générales
  • Ce quiz a été pris 5 860 fois
  • Le résultat moyen est 23 sur 54
Statistiques - réponses
Les os de la tête % Correct
Cuisse fémur
90%
Jambe tibia
89%
Avant-bras radius
81%
Bras humérus
78%
Avant-bras cubitus
75%
Epaule clavicule
72%
Thorax côtes
71%
Main phalange
71%
Pied phalange
71%
Epaule omoplate
68%
Jambe péroné
68%
Main métacarpe
62%
Pied métatarse
62%
Thorax sternum
60%
Bassin coccyx
56%
Oreille moyenne marteau
54%
Crâne os frontal
54%
Cuisse rotule
54%
Crâne os occipital
51%
Face mandibule
49%
Oreille moyenne enclume
48%
Cou vertèbre cervicale
48%
Oreille moyenne étrier
47%
Crâne os temporal
46%
Crâne os pariétal
45%
Bassin sacrum
42%
Abdomen vertèbre lombaire
42%
Thorax vertèbre thoracique
37%
Face maxillaire
36%
Face os nasal
36%
Face os zygomatique
33%
Main (carpe) scaphoïde
31%
Main (carpe) trapèze
31%
Crâne sphénoïde
29%
Main (carpe) trapézoïde
28%
Pied (tarse) talus
27%
Crâne éthmoïde
26%
Main (carpe) lunatum
26%
Main (carpe) pisiforme
25%
Pied (tarse) cuboïde
24%
Main (carpe) hamatum
24%
Main (carpe) capitatum
22%
Hanche os coxal
22%
Main (carpe) triquetrum
22%
Pied (tarse) calcanéus
21%
Pied (tarse) naviculaire
21%
Pied (tarse) os cunéiforme
21%
Face os lacrymal
21%
Cou os hyoïde
20%
Face vomer
18%
Face os palatin
16%
Main os sésamoïde
12%
Pied os sésamoïde
12%
Face cornet nasal inférieur
10%
Aucun quiz correspondant
Distribution des résultats
% des personnes avec chaque résultat
Percentile par nombre de réponses
Votre historique - résultats
Vous n’avez pas pris ce quiz